Iberoamérica en la voz de María Luz Martinez /

Bibliographic Details
Format: Libro
Language:Spanish
Published: Santigo, Chile SVR 2001
Subjects:

MARC

LEADER 00000cam a2200000 a 4500
001 027483
003 UAHC_CL
005 20170803122819.0
008 140204b2008 cl 000 spa
040 |a UAHC_CL  |c UAHC_CL  |d UAHC_CL 
245 1 0 |a Iberoamérica en la voz de María Luz Martinez /  |c Leonora Letelier. 
260 |c 2001  |a Santigo, Chile  |b SVR 
300 |a 1 cd rom (54 min.) 
505 0 |a Contiene. 1 disco 
650 4 |a MUSICA 
900 |a CD-263 
942 |c BK 
952 |0 0  |1 0  |4 0  |6 CD_263  |7 0  |8 Hemeroteca  |9 54899  |a BS  |b BS  |c Hemeroteca  |d 2017-08-03  |l 0  |o CD-263  |p 1401060  |r 2019-12-02 00:00:00  |t 1  |w 2017-08-03  |y BK 
999 |c 27483  |d 27483